000 01769cam a2200421 i 4500
001 zz2003850555
003 NUKAT
005 20260426201350.0
008 030725s1912 pl |001 0 pol c
035 _a(OCoLC)891295975
035 _a(NUKAT)zz2003850555
040 _aLUBL M/mm
_bpol
_erda
_cLUBL M/mm
_dLUBL M/AS
_dKIEL 010/HLs
_dLUBL KUL/KS
100 1 _aSmolarski, Mieczysław
_d(1888-1967).
_eAutor
_940606
245 1 0 _aPoezya legionów :
_bczasy, pieśń i jej dzieje /
_cMieczysław Smolarski.
246 3 _aPoezja legionów
260 _aKraków :
_bnakładem Akademii Umiejętności :
_bskład główny w Księgarni Spółki Wydawniczej Polskiej,
_c1912
_e(Kraków :
_fDruk. Uniwersytetu Jagiellońskiego pod zarządem J. Filipowskiego).
300 _a[4], 191 stron ;
_c22 cm.
336 _aTekst
_btxt
_2rdacontent
337 _aBez urządzenia pośredniczącego
_bn
_2rdamedia
338 _aWolumin
_bnc
_2rdacarrier
380 _aKsiążki
504 _aBibliografia na stronach 183-186.
504 _aIndeks.
610 2 7 _aLegiony Polskie (1797-1801)
_2DBN
_940316
610 2 7 _aLegiony Polskie we Włoszech
_xw literaturze.
_2kaba
_940603
648 7 _a1701-1800
_2DBN
_936035
648 7 _a1801-1900
_2DBN
_936037
650 7 _aLiteratura polska
_2DBN
_934964
650 7 _aPoezja
_2DBN
_935755
650 7 _aTematy i motywy
_2DBN
_935389
650 7 _aPoezja polska
_y18 w.
_xtematy, motywy.
_2kaba
_940604
650 7 _aPoezja polska
_y19 w.
_xtematy, motywy.
_2kaba
_940605
658 _aLiteraturoznawstwo
710 2 _aAkademia Umiejętności (Kraków).
_eNakładca
_4pbl
_9563
710 2 _aSpółka Wydawnicza Polska (Kraków).
_eDystrybucja
_4dst
_91041
710 2 _aDrukarnia Uniwersytetu Jagiellońskiego.
_eDruk
_4prt
_9536
942 _2ddc
_cBK_NM
999 _c27792
_d27792